Main tendencies of the slovak economy development

Salvato in:
Dettagli Bibliografici
Autore principale: Kárász, Pavol
Natura: Libro
Lingua:inglese
Pubblicazione: Bratislava Institute for Forecasting Slovak Academy of Sciences 1999
Serie:Open series. Reprint No. 1
Soggetti:
Tags: Aggiungi Tag
Nessun Tag, puoi essere il primo ad aggiungerne!!

MARC

LEADER 00000nam a2200000 4500
001 c117182
005 20221221082909.4
041 0 |a eng 
044 |a SK 
245 1 0 |a Main tendencies of the slovak economy development  |c by Pavol Karasz 
264 1 |a Bratislava  |b Institute for Forecasting Slovak Academy of Sciences  |c 1999 
300 |a 10 s. 
490 1 |a Open series. Reprint  |v No. 1 
830 0 |a Open series. Reprint  |v No. 1 
610 2 0 |a rozvoj hospodársky 
610 2 0 |a výroba 
610 2 0 |a spotreba 
610 2 0 |a produkt domáci hrubý 
610 2 0 |a vývoj hospodársky 
610 2 0 |a obchod zahraničný 
610 2 0 |a ceny 
610 2 0 |a kurz menový 
610 2 0 |a miera úroková 
610 2 0 |a zamestnanosť 
610 2 0 |a nezamestnanosť 
610 2 0 |a mzdy 
610 2 0 |a Slovensko 
100 1 |a Kárász, Pavol